IEEE standard computer dictionary : a compilation of IEEE standard computer glossaries, 610

Saved in:
Bibliographic Details
Corporate Author: IEEE Computer Society Satndards Coordinating Committee
Format: Book
Language:English
Published: New York : Institute of Electrical and Electronic Engineers, c1990
Subjects:
Tags: Add Tag
No Tags, Be the first to tag this record!

MARC

LEADER 00000nam a2200000 i 4500
001 1/99160
008 000323s1990 eng d
020 |a 1559370793 
035 |l 10056777 
040 |a GR-MY-UA  |b gre  |e aacr 
041 0 |a eng 
082 0 |a 004.03 
245 1 0 |a IEEE standard computer dictionary :  |b a compilation of IEEE standard computer glossaries, 610 /  |c sponsor, Standards Coordinating Committee of the IEEE Computer Society 
246 3 3 |a 610--IEEE standard computer dictionary 
260 |a New York :   |b Institute of Electrical and Electronic Engineers,   |c c1990 
300 |a 217 p.;  |b ill.;  |c 29 cm. 
650 0 0 |a Computers  |x Dictionaries. 
710 1 |a IEEE Computer Society  |b Satndards Coordinating Committee. 
852 |a INST  |b SAMOS  |e 20000323  |h 004.03 IEE  |p 005300015824  |q 005300015824  |t REF  |y 23 
901 |a BIBL3-2000-1 
909 |a Σ  |b 071692 
922 |a 3ΕΛΗ  |b 199912  |c ΤΠΕΣ  |d ΠΑΠΑΣΩΤΗΡΙΟΥ 
950 |a 133-1999-07-20 
970 |a ΠΟΥΡΝΑΡΑΣ  |b ΔΗΜΗΤΡΗΣ  |z 2000/03/23